Normal view MARC view
  • A Guid to Sky

Entry Topical Term

Number of records used in: 1

001 - CONTROL NUMBER

  • control field: 103594

003 - CONTROL NUMBER IDENTIFIER

  • control field: NUST

005 - DATE AND TIME OF LATEST TRANSACTION

  • control field: 20221125115434.0

008 - FIXED-LENGTH DATA ELEMENTS

  • fixed length control field: 221125|| aca||aabn | a|a d

040 ## - CATALOGING SOURCE

  • Original cataloging agency: NUST
  • Transcribing agency: NUST

150 ## - HEADING--TOPICAL TERM

  • Topical term or geographic name entry element: A Guid to Sky

670 ## - SOURCE DATA FOUND

  • Source citation: Work cat.: (NUST)181487: Beet,Ernest Agar 103593, A Guide to The Sky, 1945.
© 2023 Central Library, National University of Sciences and Technology. All Rights Reserved.